LEADER 00942nam a2200205 i 4500 001 000000060851 003 CaOOAMICUS 005 20121011000000.0 008 121011s1895 it u000 u ita u 013 $a32023 040 $aSeMil$bita 245 10$aGustavo Boissarie-Emilio Zola :$bconferenza al "Luxembourg", Parigi /$cversione autorizzata del p. Melchiade Vivari. 260 $aPavia :$bTipografia del Priv. Istituto Artigianelli,$c1895. 300 $a92 p. ;$c25 cm. 650 4$aMadonna - Apparizioni - Lourdes.$0(OLS)http://semarc/subject/8481 700 1 $aVivari, Melchiade.$0(OLS)http://semarc/name/30934 850 $aSeMil 852 $aSeMil$W1$xVenegono$y1$m2K V 3 FA$j27004$B27004$CSeMilBibl$Z2$F27007 $8I 996 $6245$aGustavo Boissarie-Emilio Zola :$bconferenza al "Luxembourg", Parigi$9(OLS)http://semarc/title/95463 996 $6260$aPavia :$bTipografia del Priv. Istituto Artigianelli$9(OLS)http://semarc/publisher/42247 LEADER 01282nam a2200277 i 4500 001 000000068353 003 CaOOAMICUS 005 20100625000000.0 008 100625s1972 it u000 u ita u 013 $a39525 040 $aSeMil$bita 240 10$aHistoire et méthode.$0(OLS)http://semarc/title/109096 245 10$aStoria e metodo /$cdi Paul Fraisse, Jean Piaget, Maurice Reuchlin ; [trad. di Liliana Zonta]. 260 $aTorino :$bEinaudi,$c1972. 300 $aXII, 339 p. ;$c22 cm. 490 0 $aNuova biblioteca scientifica Einaudi ;$v42./1 700 1 $aFraisse, Paul.$0(OLS)http://semarc/name/1534 700 1 $aZonta, Liliana.$0(OLS)http://semarc/name/34091 700 1 $aReuchlin, Maurice.$0(OLS)http://semarc/name/34090 700 1 $aPiaget, Jean,$d<1896-1980>.$0(OLS)http://semarc/name/1535 773 0 $tTrattato di psicologia sperimentale.$dTorino : Einaudi, 1972-1979.$kNuova biblioteca scientifica Einaudi$g1$w()1691 830 0$aNuova biblioteca scientifica Einaudi ;$v42./1.$0(OLS)http://semarc/title/17897 850 $aSeMil 852 $aSeMil$W1$xVenegono$y1$m2O II 282$j34506$B34506$CSeMilBibl$Z2$F34509 $81 996 $6245$aStoria e metodo$9(OLS)http://semarc/title/109095 996 $6260$aTorino :$bEinaudi$9(OLS)http://semarc/publisher/29884